Normal view
MARC view
Entry Personal Name
001 - CONTROL NUMBER
- control field: 1237022
003 - CONTROL NUMBER IDENTIFIER
- control field: OSt
005 - DATE AND TIME OF LATEST TRANSACTION
- control field: 20260430150300.0
008 - FIXED-LENGTH DATA ELEMENTS
- fixed length control field: 260430|| aca||aabn | a|a d
040 ## - CATALOGING SOURCE
- Original cataloging agency: OSt
- Transcribing agency: OSt
100 ## - HEADING--PERSONAL NAME
- Personal name: Gupta Lovely Au.; Priti Rishi Lal Gu.; Gupta Yashdeep Gu
670 ## - SOURCE DATA FOUND
- Source citation: Work cat.: (OSt)1849410: Gupta Lovely Au.; Priti Rishi Lal Gu.; Gupta Yashdeep Gu., Efficacy of Carbohydrate Counting Educational Intervention on Diabetes Management among Adults with Type 1 Diabetes Mellitus, 2023
